000 01671nam a22002657a 4500
005 20111214142540.0
010 _aB-483207-211
020 _a9788179931240
_c75.00
035 _aB-483207-211
037 _aBlueberry Books/Ven
082 _a333.79
245 _aWhat are wind power, solar power, hydropower, and more.../
_cedited by Madhu Singh Sirohi
260 _aNew Delhi
_bTeri Press
_c2008
270 _aDarbari Seth Block, IHC Complex, Lodhi Road
_bNew Delhi
_e110003
300 _a16p.
_bcol.ill
_c23cm(pbk)
490 _aGreen genius guide/ edited by Pallavi Sah
_953385
700 _aSirohi, Madhu Singh
_936900
942 _2ddc
_cCH
_mWHA
_h333.79
999 _c59442
_d59442